Jinnah Se Baba-e-Qaum Tak (Record no. 12855)
[ view plain ]
| 000 -LEADER | |
|---|---|
| fixed length control field | 00203nam a22000977a 4500 |
| 020 ## - INTERNATIONAL STANDARD BOOK NUMBER | |
| ISBN | 978-969-9640-41-4 |
| 082 ## - DEWEY DECIMAL CLASSIFICATION NUMBER | |
| Classification number | 324.22 |
| 100 ## - MAIN ENTRY--AUTHOR NAME | |
| Personal name | Saadia Zaheer |
| 245 ## - TITLE STATEMENT | |
| Title | Jinnah Se Baba-e-Qaum Tak |
| 942 ## - ADDED ENTRY ELEMENTS (KOHA) | |
| Koha item type | Books |
| Withdrawn status | Lost status | Collection code | Permanent Location | Current Location | Shelving location | Date acquired | Full call number | Accession Number | Koha item type |
|---|---|---|---|---|---|---|---|---|---|
| | | Jinnah Corner | MAJU | MAJU | | 2020-12-21 | 324.22 | 9983 | Jinnah Corner |